| 000 | 00998nam a2200277 a 4500 | ||
|---|---|---|---|
| 001 | 000024255 | ||
| 005 | 20200930022842.0 | ||
| 008 | 110125s1965 sp r 000 0 spa d | ||
| 040 |
_aDO-SdBNP _bspa _cBNPHU |
||
| 041 | 1 | 7 |
_aspa _heng _2Código de idioma MARC |
| 082 |
_a320.1 _bK86c |
||
| 100 | 1 |
_aKoselleck, Reinhart, _d1923-2006. _949796 |
|
| 240 | 1 | 0 |
_aKritik und Krise. _lEspañol. |
| 245 | 1 | 0 |
_aCrítica y crisis del mundo burgués / _cReinhart Koselleck ; versión española por Rafael de la Vega. |
| 260 |
_aMadrid, (España) : _bEdiciones Rialp, _c1965. |
||
| 300 |
_a354, [1] p. ; _c20 cm. |
||
| 490 | 1 |
_aNaturaleza e historia _v15 |
|
| 504 | _aIncluye referencias bibliográficas | ||
| 504 | _aIncluye notas al pie de las páginas | ||
| 534 |
_aTítulo original: _tKritik und Krise |
||
| 650 | 4 |
_aFilosofía y estado _949797 |
|
| 650 | 4 |
_aCiencias sociales y estado _911170 |
|
| 700 | 1 |
_aVega, Rafael de la _949798 |
|
| 830 | 0 |
_aNaturaleza e historia ; _v15 _940667 |
|
| 049 | _aBNGR | ||
| 999 |
_c23749 _d23749 |
||